[Event "Landesliga U20 Sued 1718"]
[Site "Bayern"]
[Date "2017.12.02"]
[Round "2.2"]
[White "Hugger, Simon"]
[Black "Pavlov, Liliane"]
[Result "1/2-1/2"]
[WhiteElo "1512"]
[BlackElo "1525"]
[PlyCount "106"]
[EventDate "2017.11.18"]
[EventType "team-tourn"]
[EventRounds "7"]
[EventCountry "GER"]
[SourceTitle "EXT 2022"]
[Source "ChessBase"]
[SourceDate "2021.10.06"]
[SourceVersion "1"]
[SourceVersionDate "2021.10.06"]
[SourceQuality "1"]
[WhiteTeam "Sendling SC U20"]
[BlackTeam "Regensburg TS U20"]
[WhiteTeamCountry "GE2"]
[BlackTeamCountry "GER"]

1. e4 d5 2. exd5 Qxd5 3. Nc3 Qd6 4. b3 c6 5. Bb2 Nf6 6. Qf3 Bg4 7. Qg3 e5 8. f3 Bf5 9. 0-0-0 Nbd7 10. Qf2 Qc7 11. d4 exd4 12. Re1+ Be6 13. Qxd4 Bc5 14. Qh4 0-0-0 15. Na4 Qd6 16. Qg3 Qxg3 17. hxg3 Bf2 18. Rd1 Bxg3 19. Bd3 Ne5 20. Ne2 Nxd3+ 21. cxd3 Bd6 22. Nd4 Rhe8 23. Nxe6 Rxe6 24. Bxf6 Rxf6 25. Rxh7 Bf4+ 26. Kc2 Bh6 27. Nb2 Re6 28. f4 Re2+ 29. Rd2 Rxd2+ 30. Kxd2 Bxf4+ 31. Kc2 Bh6 32. Nc4 f6 33. g4 Rd7 34. Rh8+ Kc7 35. Ra8 a6 36. Re8 Bf4 37. Re6 Bd6 38. Kc3 b5 39. Ne3 Re7 40. Rxd6 Kxd6 41. Nf5+ Kd7 42. Nxe7 Kxe7 43. Kd4 Kd6 44. b4 g6 45. Ke4 c5 46. a3 c4 47. dxc4 bxc4 48. Kd4 f5 49. gxf5 gxf5 50. Kxc4 Kc6 51. a4 f4 52. b5+ axb5+ 53. axb5+ Kb6 1/2-1/2